| 000 | 01024nac a22003137a 4500 | ||
|---|---|---|---|
| 001 | BR7601682 | ||
| 003 | BR-BrBNA | ||
| 005 | 20240105113929.0 | ||
| 008 | 230509b bl.|||m| |||| 00| 0 por d | ||
| 040 |
_aBR-BrBNA _bpor _cBiblioteca Nacional de Agricultura |
||
| 072 | _aF00; H10; H20 | ||
| 090 | _a0810 BR7601682 | ||
| 100 | 1 | _aFreitas, J. M. de Q. | |
| 110 | 1 |
_aAssociacao de Credito e Assistencia Rural do Estado do Para, Belem (Brasil) _9493 |
|
| 245 | 1 | _aA cultura do melao [Plantio; Pratica cultural; Adubacao; Cucumis melo; Para; Brasil] | |
| 260 | 3 |
_aBelem, PA (Brasil): _c1976. |
|
| 300 | _a17 p. | ||
| 490 |
_aSerie Culturas - Associacao de Credito e Assistencia Rural do Estado do Para (Brazil) _vno. 1 _x |
||
| 650 | _aProducao vegetal | ||
| 650 | _aPraga de planta | ||
| 650 | _aDoenca de planta | ||
| 650 | _aMelao | ||
| 650 | _aAdubacao | ||
| 650 | _aPlantio | ||
| 650 | _aPratica cultural | ||
| 650 | _aPara | ||
| 909 |
_a202312 _bLúcia Elande _c55 _dLúcia Elande |
||
| 942 |
_2AGRIS _n0 _cMS |
||
| 999 |
_c266413 _d266413 |
||